Économies et sociétés
Na minha lista:
| Formato: | Periódico |
|---|---|
| Idioma: | francês |
| Publicado em: |
Paris
Institut de sciences mathematiques et économiques appliquees
|
| Tags: |
Sem tags, seja o primeiro a adicionar uma tag!
|
MARC
| LEADER | 00000nas1a2200000 4500 | ||
|---|---|---|---|
| 001 | s121606 | ||
| 005 | 20230713112551.0 | ||
| 041 | 0 | |a fre | |
| 044 | |a FR | ||
| 245 | 1 | 0 | |a Économies et sociétés |
| 264 | 1 | |a Paris |b Institut de sciences mathematiques et économiques appliquees | |